El conde de Fuenclara (Record no. 139261)
[ view plain ]
| 000 -LEADER | |
|---|---|
| campo de control de longitud fija | 00649nam a2200193 i 4500 |
| 001 - NÚMERO DE CONTROL | |
| campo de control | 139261 |
| 003 - IDENTIFICADOR DE NÚMERO DE CONTROL | |
| campo de control | ES-MaACL |
| 005 - FECHA Y HORA DE LA ÚLTIMA TRANSACCIÓN | |
| campo de control | 20250918184005.0 |
| 007 - CAMPO FIJO DE DESCRIPCIÓN FÍSICA--INFORMACIÓN GENERAL | |
| campo de control de longitud fija | t| |
| 008 - DATOS DE LONGITUD FIJA--INFORMACIÓN GENERAL | |
| campo de control de longitud fija | 070214s1955 sp r ||||1| spa d |
| 100 1# - ENTRADA PRINCIPAL--NOMBRE DE PERSONA | |
| Nombre de persona | Sarrablo Aguareles, Eugenio. |
| 9 (RLIN) | 103845 |
| 245 13 - MENCIÓN DEL TÍTULO | |
| Título | El conde de Fuenclara |
| Resto del título | : embajador y Virrey de Nueva España : (1687-1752) / |
| Mención de responsabilidad, etc. | Eugenio Sarrablo Aguareles. |
| 250 ## - MENCION DE EDICION | |
| Mención de edición | 1ª. ed. |
| 260 ## - PUBLICACIÓN, DISTRIBUCIÓN, ETC. | |
| Lugar de publicación, distribución, etc. | Sevilla : |
| Nombre del editor, distribuidor, etc. | [s.n.], |
| Fecha de publicación, distribución, etc. | 1955 ( |
| Fabricante | Imp. G.E.H.A.) |
| 300 ## - DESCRIPCIÓN FÍSICA | |
| Extensión | 328 p : |
| Otras características físicas | il. ; |
| Dimensiones | 24 cm. |
| 600 17 - PUNTO DE ACCESO ADICIONAL DE MATERIA--NOMBRE DE PERSONA | |
| Nombre de persona | Cebrián y Agustín, Pedro, |
| Títulos y otros términos asociados al nombre | Conde de Fuenclara, |
| Fechas asociadas al nombre | 1687-1752 |
| Fuente del encabezamiento o término | |
| 9 (RLIN) | 168477 |
| 852 ## - LOCALIZACIÓN | |
| Ubicación | ES-MaACL |
| Número de control de estantería | P-922 |
| Estatus retirado | Estado de pérdida | Estado de daño | No para préstamo | Biblioteca de origen | Biblioteca actual | Ubicación en estantería | Fecha de adquisición | Fuente de adquisición | Total de préstamos | Signatura topográfica completa | Código de barras | Visto por última vez | Precio de reemplazo | Tipo de ítem Koha |
|---|---|---|---|---|---|---|---|---|---|---|---|---|---|---|
| Biblioteca del Ateneo de Madrid | Biblioteca del Ateneo de Madrid | Depósito 2 | 17/01/2008 | P-922 | 1144924 | 23/02/2023 | 23/02/2023 | Libro impreso |
